01002nam a2200229 a 4500001001000000003000500010005001700015008004100032010001100073011001100084040000900095100003000104245023300134260004100367500006000408502006900468650003200537650005700569650003000626650004600656856007000702000112476CHAP20220329144308.0160418s2016 mx sm |||||||spa d a108937 a109909 cCHAP1 aVelázquez Silva, Aidé10aCaracterización morfológica, patogénica y molecular de colletotrichum spp. obtenidos de frutos de pimienta gorda (pimienta dioica L. Merrill.) en el Estado de Veracruz, Méxicoh[En línea]cpor Aidé Velázquez Silva. aChapingo, Méx. :bEl autor,c2016. aPara ver el contenido del material haga clic en la liga aTesis (Ing. Forestal) -- UACH. División de Ciencias Forestales14aAntracnosis de la pimienta.14aHongos fitopatógenosxFisiología y morfología.14aHongosxIdentificación.14aPimienta dioicaxEnfermedades por hongos. aFinding aiduhttp://10.13.5.2/tesis/sist112476.pdfzTeclea aquí